00299nam a22001217a 4500003000400000008004100004020002200045082001400067100001700081245004000098260003100138300000800169OSt220521b ||||| |||| 00| 0 eng d a978-0-06-264154-0 a158.1 MAS aMANSON, Mark aThe Subtle Art of Not Giving a Fuck aNew YorkbHarper Onec2016 a212